=LDR 00000nam 2200000 4500 =001 INLIS00000000000073 =005 20260702043538 =020 ##$$a 978-602-7904-15-6 =082 ##$$a 033.043 =100 1#$$a Yanuar, Edlin =245 1 $$a Pengetahuan Tari /$c Edlin Yanuar =300 ##$$a 87 ; 15,5 x 23,5cm